[Event "Championnats Loire Jeunes Min Ben Cad Ju"]
[Site "Aurec"]
[Date "2004.11.14"]
[Round "4.5"]
[White "Brosse, Benjamin"]
[Black "Borron, Herve"]
[Result "1-0"]
[WhiteElo "1199"]
[BlackElo "1590"]
[PlyCount "69"]
[EventDate "2004.??.??"]

1. e4 e6 2. d4 d5 3. Nc3 Bb4 4. Nge2 dxe4 5. Bd2 Nf6 6. a3 Bxc3 7. Nxc3 Qxd4 8.
Nb5 Qb6 9. Be3 Qc6 10. Nxa7 Rxa7 11. Bxa7 Nbd7 12. Bd4 O-O 13. Qe2 Rd8 14.
O-O-O Nd5 15. Qxe4 b6 16. Qh4 Re8 17. Qe4 e5 18. c4 Ne7 19. Qxc6 Nxc6 20. Bc3
Nf6 21. b4 Ne4 22. Be1 Nd4 23. f3 Nd6 24. Bf2 N4f5 25. c5 bxc5 26. Bxc5 e4 27.
g4 e3 28. gxf5 e2 29. Bxe2 Rxe2 30. Bxd6 cxd6 31. Rxd6 Re8 32. Kd2 Bxf5 33. Re1
Rc8 34. Rc1 Re8 35. b5 {abandon} 1-0

[Event "Championnats Loire Jeunes Min Ben Cad Ju"]
[Site "Aurec"]
[Date "2004.11.14"]
[Round "4.6"]
[White "Giroux, Sylvain"]
[Black "Blanchon, Yannick"]
[Result "1-0"]
[WhiteElo "1399"]
[BlackElo "1199"]
[PlyCount "10"]
[EventDate "2004.??.??"]

1. e4 d5 2. c4 dxc4 3. Qa4+ Qd7 4. Qxc4 Nf6 5. Nf3 Nc6 1-0

3 7. Nxc3 Qxd4 8.
Nb5 Qb6 9. Be3 Qc6 10. Nxa7 Rxa7 11. Bxa7 Nbd7 12. Bd4 O-O 13. Qe2 Rd8 14.
O-O-O Nd5 15. Qxe4 b6 16. Qh4 Re8 17. Qe4 e5 18. c4 Ne7 19. Qxc6 Nxc6 20. Bc3
Nf6 21. b4 Ne4 22. Be1 Nd4 23. f3 Nd6 24. Bf2 N4f5 25. c5 bxc5 26. Bxc5 e4 27.
g4 e3 28. gxf5 e2 29. Bxe2 Rxe2 30. Bxd6 cxd6 31. Rxd6 Re8 32. Kd2 Bxf5 33. Re1
Rc8 34. Rc1 Re8 35. b5 {abandon} 1-0

[Event "Championnats Loire Jeunes Min Ben Cad Ju"]
[Site "Aurec"]
[Date "2004.11.14"]
[Round "4.7"]
[White "Devaux, Kevin"]
[Black "Bruyas, Benjamin"]
[Result "0-1"]
[WhiteElo "1199"]
[BlackElo "1320"]
[PlyCount "33"]
[EventDate "2004.??.??"]

1. d4 e6 2. Nf3 Nc6 3. e4 d5 4. Nc3 dxe4 5. Nxe4 Nf6 6. Bg5 Be7 7. Bd3 O-O 8.
O-O Nxd4 9. Nxd4 Qxd4 10. c3 Qd8 11. Qf3 Bd7 12. Qh3 e5 13. Qh4 h6 14. Bxf6
gxf6 15. Qxh6 Be6 16. Nxf6+ Bxf6 17. Qh7# 0-1

[Event "Championnats Loire Jeunes Min Ben Cad Ju"]
[Site "Aurec"]
[Date "2004.11.14"]
[Round "4.8"]
[White "Masson, Guillaume"]
[Black "Guichard, Remi"]
[Result "1-0"]
[WhiteElo "1199"]
[BlackElo "1160"]
[PlyCount "33"]
[EventDate "2004.??.??"]

1. d4 e6 2. Nf3 Nc6 3. e4 d5 4. Nc3 dxe4 5. Nxe4 Nf6 6. Bg5 Be7 7. Bd3 O-O 8.
O-O Nxd4 9. Nxd4 Qxd4 10. c3 Qd8 11. Qf3 Bd7 12. Qh3 e5 13. Qh4 h6 14. Bxh6
gxh6 15. Qxh6 Be6 16. Nxf6+ Bxf6 17. Qh7# 1-0

[Event "Championnats Loire Jeunes Min Ben Cad Ju"]
[Site "Aurec"]
[Date "2004.11.14"]
[Round "5.1"]
[White "Treveys, Maxime"]
[Black "Doucet, Medhi"]
[Result "1-0"]
[WhiteElo "1900"]
[BlackElo "1630"]
[PlyCount "59"]
[EventDate "2004.??.??"]

1. d4 d5 2. c4 Nf6 3. cxd5 Nxd5 4. e4 Nf6 5. Nc3 e6 6. a3 b6 7. Nf3 Be7 8. Bd3
Bb7 9. h3 Nc6 10. Bc2 Qd7 11. O-O O-O-O 12. Be3 Na5 13. Qe2 h6 14. Ne5 Qe8 15.
b4 Nc6 16. Nxc6 Bxc6 17. Rfc1 Kb8 18. b5 Bb7 19. a4 Bb4 20. Qc4 Bxc3 21. Qxc3
Qe7 22. f3 g5 23. a5 Rhg8 24. axb6 axb6 25. Bd3 Kc8 26. Ra7 Kb8 27. Rxb7+ Kxb7
28. Qc6+ Kb8 29. Ra1 Qd6 30. Ra8# 1-0

[Event "Championnats Loire Jeunes Min Ben Cad Ju"]
[Site "Aurec"]
[Date "2004.11.14"]
[Round "5.2"]
[White "Roncin, Cesar"]
[Black "Adamus, Jeremy"]
[Result "0-1"]
[WhiteElo "1750"]
[BlackElo "1830"]
[PlyCount "104"]
[EventDate "2004.??.??"]

1. e4 e5 2. Bc4 Bc5 3. Nf3 Nc6 4. O-O Nf6 5. d3 O-O 6. Bg5 Be7 7. c3 d6 8. b4
Bg4 9. Nbd2 Qd7 10. Qc2 Be6 11. Bxe6 Qxe6 12. b5 Nb8 13. d4 Nh5 14. Bxe7 Qxe7
15. dxe5 dxe5 16. Nc4 Nd7 17. Ne3 Qc5 18. c4 Rac8 19. Rfe1 Nf4 20. Rad1 Nb6 21.
g3 Ne6 22. Qc3 f6 23. Nd2 Qd4 24. Qxd4 Nxd4 25. Nd5 Kf7 26. Kg2 Na4 27. Nb4 Nc5
28. Nf3 Nce6 29. Nxd4 Nxd4 30. a4 c6 31. Rc1 Rfd8 32. f4 Ke6 33. f5+ Kf7 34. g4
Rc7 35. Na2 Nxf5 36. Nc3 Nd4 37. a5 Nxb5 38. Nxb5 cxb5 39. cxb5 Rdc8 40. Rxc7+
Rxc7 41. Rd1 Ke6 42. Rd5 Rc4 43. b6 axb6 44. axb6 Rxe4 45. Rc5 Rd4 46. h4 Rxg4+
47. Kf3 Rd4 48. h5 g6 49. h6 Kd6 50. Rc8 f5 51. Rc3 g5 52. Rc8 g4+ 0-1

[Event "Championnats Loire Jeunes Min Ben Cad Ju"]
[Site "Aurec"]
[Date "2004.11.14"]
[Round "5.3"]
[White "Barnes, Pierrick"]
[Black "Desassis, Gregoire"]
[Result "1-0"]
[WhiteElo "1830"]
[BlackElo "1600"]
[PlyCount "102"]
[EventDate "2004.??.??"]

1. d4 d5 2. Bf4 Bf5 3. Nf3 e6 4. e3 Nf6 5. a3 Nbd7 6. c4 c6 7. Nc3 Qb6 8. b4 a5
9. c5 Qa7 10. b5 b6 11. bxc6 Nb8 12. Bb5 bxc5 13. c7+ Nbd7 14. Qa4 Be7 15. Ne5
O-O 16. Nxd7 Nxd7 17. Bxd7 cxd4 18. exd4 Bf6 19. Nb5 Qb7 20. Bd6 Rad8 21.
cxd8=Q Rxd8 22. Nc7 Bxd4 23. Qxd4 Rxd7 24. Ne8 f6 25. Rc1 Qa8 26. Nc7 Qb7 27.
Qc5 Qc8 28. O-O Qd8 29. Nb5 Bd3 30. Rfe1 Bxb5 31. Rxe6 Bc4 32. Rxc4 dxc4 33.
Qxc4 Rf7 34. Qc6 Rd7 35. Qd5 Rf7 36. h3 h6 37. Qe4 Rf8 38. Bxf8 Kxf8 39. Qc6
Qb8 40. Qd6+ Qxd6 41. Rxd6 Kf7 42. Ra6 g5 43. Rxa5 h5 44. Rf5 g4 45. hxg4 hxg4
46. a4 Kg6 47. a5 Kf7 48. a6 Kg6 49. a7 Kf7 50. a8=Q Kg6 51. Qg8+ Kh6 1-0

[Event "Championnats Loire Jeunes Min Ben Cad Ju"]
[Site "Aurec"]
[Date "2004.11.14"]
[Round "5.4"]
[White "Bruyas, Benjamin"]
[Black "Goudet, Maxence"]
[Result "1-0"]
[WhiteElo "1320"]
[BlackElo "1520"]
[PlyCount "87"]
[EventDate "2004.??.??"]

1. Nf3 d5 2. c4 e6 3. d4 Nc6 4. b3 Bd6 5. g3 Nf6 6. Bg2 O-O 7. O-O e5 8. dxe5
Bxe5 9. Nxe5 Nxe5 10. cxd5 Bd7 11. Bf4 Ng6 12. Bg5 h6 13. Bd2 Qc8 14. Bb4 Re8
15. Nc3 Bh3 16. Re1 Bxg2 17. Kxg2 c5 18. Ba3 b6 19. e4 Nxe4 20. Nxe4 Qd7 21.
Rc1 f5 22. Nc3 Rf8 23. Re6 Ne7 24. Rc2 Rad8 25. Rd2 f4 26. b4 f3+ 27. Kg1 Rf5
28. d6 Qxe6 29. dxe7 Qxe7 30. Rxd8+ Kh7 31. Rd3 Qf7 32. bxc5 bxc5 33. Ne4 Qh5
34. Bxc5 Qh3 35. Qf1 Qg4 36. Rd4 Rxc5 37. Nf6+ gxf6 38. Rxg4 Ra5 39. Rf4 Rxa2
40. Rxf3 a5 41. Rxf6 Rd2 42. Ra6 Rd5 43. Qe1 Rc5 44. Qe7+ {abandon} 1-0

[Event "Championnats Loire Jeunes Min Ben Cad Ju"]
[Site "Aurec"]
[Date "2004.11.14"]
[Round "5.5"]
[White "Paratcha, Yohan"]
[Black "Giroux, Sylvain"]
[Result "1-0"]
[WhiteElo "1310"]
[BlackElo "1399"]
[PlyCount "39"]
[EventDate "2004.??.??"]

1. e4 e5 2. Nf3 Nc6 3. d4 exd4 4. Nxd4 Nf6 5. c4 Nxe4 6. Nc3 Qe7 7. Be2 Nxc3 8.
bxc3 g6 9. Nb5 Qd8 10. O-O a6 11. Nd4 Bg7 12. Re1 O-O 13. Bf3 Qf6 14. Ba3 Rd8
15. Re4 Bf8 16. Bxf8 Kxf8 17. Qe1 d5 18. cxd5 Rxd5 19. Re8+ Kg7 20. Nxc6 1-0

[Event "Championnats Loire Jeunes Min Ben Cad Ju"]
[Site "Aurec"]
[Date "2004.11.14"]
[Round "5.6"]
[White "Masson, Guillaume"]
[Black "Brosse, Benjamin"]
[Result "1/2-1/2"]
[WhiteElo "1199"]
[BlackElo "1199"]
[PlyCount "56"]
[EventDate "2004.??.??"]

1. d4 d5 2. Nf3 Nc6 3. e3 Bg4 4. Be2 Bxf3 5. Bxf3 e5 6. dxe5 Nxe5 7. Qxd5 Nxf3+
8. Qxf3 Nf6 9. Nc3 Qd7 10. O-O c6 11. Rd1 Qg4 12. Qxg4 Nxg4 13. h3 Nf6 14. e4
Bc5 15. e5 Nd5 16. Nxd5 cxd5 17. Rxd5 Be7 18. Bf4 O-O 19. Rd7 Bc5 20. Rad1 f6
21. exf6 Rxf6 22. g3 g5 23. Be5 Rxf2 24. c3 Rf5+ 25. Bd4 Bxd4+ 26. R7xd4 Rb5
27. b4 a5 28. a4 Re5 {erreuu de notation} 1/2-1/2

[Event "Championnats Loire Jeunes Min Ben Cad Ju"]
[Site "Aurec"]
[Date "2004.11.14"]
[Round "5.7"]
[White "Blanchon, Yannick"]
[Black "Devaux, Kevin"]
[Result "1/2-1/2"]
[WhiteElo "1199"]
[BlackElo "1199"]
[PlyCount "72"]
[EventDate "2004.??.??"]

1. e3 d5 2. d4 Nc6 3. Nf3 Bg4 4. h3 Bxf3 5. Qxf3 e5 6. dxe5 Nxe5 7. Qe2 Qe7 8.
e4 dxe4 9. Qxe4 Qb4+ 10. Qxb4 Bxb4+ 11. c3 Bc5 12. b4 Bd6 13. f4 Nc6 14. Bb5
Nge7 15. Bxc6+ Nxc6 16. O-O O-O-O 17. b5 Na5 18. g3 Nc4 19. Nd2 Nxd2 20. Bxd2
Rhe8 21. Rfe1 Rxe1+ 22. Rxe1 Bc5+ 23. Be3 Bxe3+ 24. Rxe3 c6 25. bxc6 bxc6 26.
Re7 Rd7 27. Rxd7 Kxd7 28. Kf2 Ke6 29. g4 f5 30. gxf5+ Kxf5 31. Kf3 h6 32. Kg3
g5 33. fxg5 hxg5 34. h4 gxh4+ 35. Kxh4 Ke4 36. Kg3 a6 1/2-1/2

[Event "Championnats Loire Jeunes Min Ben Cad Ju"]
[Site "Aurec"]
[Date "2004.11.14"]
[Round "5.8"]
[White "Borron, Herve"]
[Black "Guichard, Remi"]
[Result "1-0"]
[WhiteElo "1590"]
[BlackElo "1160"]
[PlyCount "24"]
[EventDate "2004.??.??"]

1. c4 e6 2. Nc3 Nc6 3. g3 Nf6 4. Bg2 Bd6 5. d3 O-O 6. Nf3 Be5 7. d4 Bd6 8. e4
Be7 9. Bf4 Na5 10. d5 exd5 11. exd5 Nxd5 12. Nxd5 c5 1-0